Analogies du Rugby - Statistiques

Statistiques générales
  • Ce quiz a été pris 204 fois
  • Le résultat moyen est 7 sur 20
Statistiques - réponses
...... est à ce que ....... % Correct
L'Australie est à 1991 Afrique du Sud est à 2019
82%
Dan Carter est à la Nouvelle-Zélande Jonny Wilkinson est à l'Angleterre
79%
L'Afrique du sud est à 2003 France est à 2023
68%
Le Racing 92 est au Stade Français Biarritz est à Bayonne
66%
Le Hameau est à Pau Chaban Delmas est à Bordeaux
59%
Le Rugby Championship est à l'hémisphère sud Tournoi des Six Nations est au nord
55%
Josh van der Flier est à 2022 Antoine Dupont est à 2021
48%
Vincent Clerc est à Toulouse Aurélien Rougerie est à Clermont
42%
Murrayfield est à l'Ecosse Eden Park est à la Nouvelle-Zélande
42%
Natixis est au Racing 92 Capri Sun est au Stade Français
33%
La fleur de cerisier est au Japon Lion est à l'Espagne
22%
Guy Novès est à Toulouse Jean-Noël Spitzer est à Vannes
17%
Didier Lacroix est à Toulouse Vincent Merling est à La Rochelle
17%
Rodrigo Capo-Ortega est à Castres Fulgence Ouedraogo est à Montpellier
16%
Wolfy est à Lyon Pottoka est à Bayonne
15%
Les Blues sont à Auckland Reds sont à Brisbane
12%
Romain Poite est à la France Nika Amashukeli est à la Géorgie
11%
Toulouse est au Bouclier de Brennus Narbonne est au challenge Yves du Manoir
9%
Les Pumas sont à l'Argentine Lelos sont à la Géorgie
8%
Le Ka-Mate est à la Nouvelle-Zélande Cibi est aux Fidji
7%
Aucun quiz correspondant
Distribution des résultats
% des personnes avec chaque résultat
Percentile par nombre de réponses
Votre historique - résultats
Vous n’avez pas pris ce quiz